00974nab a22002417a 4500999001500000003000400015005001700019008004100036040000700077100003300084245009600117260007200213300001300285500003900298505008900337650002600426650003000452650003400482650002300516650003700539773014300576942001300719 c5979d5979OSt20260115172541.0190605e xxu||||| |||| 00| 0 spa d cPJ 91445aFoglia, Ricardo Arturo10aComentario sobre las tendencias salariales en materia de teletrabajo /cRicardo A. Foglia.  aCiudad Autónoma de Buenos Aires :bThomson Reuters La Ley,c2022. ap. 13-15 aCita: TR LALEY AR/DOC/3146/2022.  t¿Te interesa el texto completo? Solicitalo al correo: koha@justierradelfuego.gov.ar 091316aDERECHO LABORAL 091323aCONTRATO DE TRABAJO 091570aDERECHOS DEL TRABAJADOR 091318aREMUNERACION 094184aOBLIGACIONES DEL EMPLEADOR0 0271193168dCiudad Autónoma de Buenos Aires : Thomson Reuters La Ley, 1999-2002.tRevista de derecho del trabajo. Nº 6 - Noviembre 2022 2udccANA